000 00540nam a2200145Ia 4500
008 171212s9999 xx 000 0 und d
020 _a9781920942939
100 _aUlm, Sean
245 _cUlm, Sean
_aCoastal Themes (Terra Australis 24)
_bAn Archaeology of the Southern Curtis Coast, Queensland
260 _bANU E Press
_c2006
440 _aTerra Australis
650 _aArchaeology
650 _aArchaeology -- Queensland -- Port Curtis Region; Aboriginal Australians -- Antiquities
856 _uwww.jstor.org/stable/10.2307/j.ctt2jbjh7
999 _c351042
_d351042